[Event "Glorney Cup"]
[Site "Cardiff"]
[Date "2022.07.20"]
[Round "3.4"]
[White "Badacsonyi, Frankie"]
[Black "Hackett, William"]
[Result "1-0"]
[WhiteElo "1786"]
[BlackElo "1527"]
[PlyCount "103"]
[EventDate "2022.07.19"]
[EventType "team-tourn"]
[EventRounds "6"]
[EventCountry "WLS"]
[SourceTitle "CBM 210 Extra"]
[Source "ChessBase"]
[SourceDate "2022.11.30"]
[SourceVersion "1"]
[SourceVersionDate "2022.11.30"]
[SourceQuality "1"]
[WhiteTeam "England"]
[BlackTeam "Ireland"]
[WhiteTeamCountry "ENG"]
[BlackTeamCountry "IRL"]

1. Nf3 d5 2. d4 c6 3. Bf4 Nf6 4. e3 Bf5 5. c4 e6 6. Qb3 Qb6 7. c5 Qxb3 8. axb3 Nbd7 9. h3 h6 10. b4 g5 11. Bh2 Bg7 12. Nc3 0-0 13. b5 cxb5 14. Nxb5 Ne4 15. Nc7 Nexc5 16. Nxa8 Rxa8 17. Bb5 Bd3 18. Bxd3 Nxd3+ 19. Ke2 Nb4 20. Rhc1 Na6 21. b4 Nxb4 22. Rc7 Nf6 23. Rxb7 Nc6 24. Ra6 Nd8 25. Rbxa7 Rxa7 26. Rxa7 Bf8 27. Ne5 Kg7 28. f3 h5 29. Kd3 Kh6 30. Nxf7+ Nxf7 31. Rxf7 Bg7 32. Re7 Kg6 33. Rxe6 Kf5 34. Ra6 Bf8 35. g4+ hxg4 36. hxg4+ Kg6 37. Be5 Be7 38. Kc3 Kf7 39. Bxf6 Bxf6 40. Rxf6+ Kxf6 41. Kb4 Ke6 42. Kc5 Ke7 43. Kxd5 Kd7 44. Ke5 Ke7 45. d5 Kf7 46. Kf5 Ke7 47. Kxg5 Kf7 48. d6 Kg8 49. d7 Kh7 50. d8Q Kg7 51. Qd7+ Kh8 52. Kg6 1-0

[Event "Dublin-ch Final Weekender 100th"]
[Site "Dublin"]
[Date "2021.08.22"]
[Round "4"]
[White "Hackett, William"]
[Black "Leavy, Paul A"]
[Result "1-0"]
[WhiteElo "1530"]
[BlackElo "1609"]
[PlyCount "103"]
[EventDate "2021.08.20"]
[EventType "swiss"]
[EventRounds "5"]
[EventCountry "IRL"]
[SourceTitle "CBM 204 Extra"]
[Source "ChessBase"]
[SourceDate "2021.11.30"]
[SourceVersion "1"]
[SourceVersionDate "2021.11.30"]
[SourceQuality "1"]

1. d4 d5 2. Bf4 Nf6 3. e3 e6 4. Bd3 Be7 5. Nf3 0-0 6. Nbd2 Nbd7 7. c3 c5 8. h3 c4 9. Bc2 b5 10. e4 Bb7 11. e5 Ne4 12. Nxe4 dxe4 13. Nd2 f5 14. exf6 Nxf6 15. Be3 Qe8 16. 0-0 Bd5 17. Qe2 Qc6 18. Bg5 Rae8 19. Bxf6 Bxf6 20. Bxe4 Bd8 21. Rfe1 h6 22. Bxd5 exd5 23. Qh5 Rxe1+ 24. Rxe1 Bf6 25. Nf3 a5 26. Qf5 Kh8 27. Qe6 Qb7 28. Ne5 Bxe5 29. Rxe5 Rd8 30. Qe7 Qxe7 31. Rxe7 b4 32. Rb7 Re8 33. Kf1 bxc3 34. bxc3 Rd8 35. a4 Kh7 36. Rb5 Kg6 37. Rxa5 Kf5 38. f3 Kf4 39. Kf2 Kf5 40. Rb5 Ke6 41. a5 Rd7 42. a6 Ra7 43. Rb6+ Kf5 44. g3 h5 45. Rd6 g6 46. Rxd5+ Ke6 47. Rg5 Kf6 48. Rc5 Rxa6 49. Rxc4 Ke6 50. Rc5 Kd6 51. Ke3 Ra3 52. Ke4 1-0